| 000 | 01705nam0a2200349 4500 | ||
|---|---|---|---|
| 001 | RU\NLR\bibl\1339553 | ||
| 005 | 20250615170114.0 | ||
| 010 |
_a978-5-374-00119-8 _9250 |
||
| 021 |
_aRU _b2009-551 _933 |
||
| 035 | _a(NLR Aleph) 001324726 | ||
| 090 |
_a762422 _c762422 |
||
| 100 | _a20090312d2008 |||y0rusy50 ca | ||
| 101 | 0 | _arus | |
| 102 | _aRU | ||
| 105 | _aa ||||||||| | ||
| 200 | 1 |
_aОценка недвижимости _eучебно-методический комплекс _fРонова Г.Н., Осоргин А.Н. _gМеждунар. консорциум "Электрон. ун-т" [и др.] |
|
| 210 |
_aМосква _cИздательский центр ЕАОИ _d2008 |
||
| 215 |
_a355 с. _cил. _d29 |
||
| 300 | _aВ надзаг. также: Моск. гос. ун-т экономики, статистики и информатики, Евраз. открытый ин-т | ||
| 320 | _aБиблиогр.: с. 353-355 | ||
| 606 | 1 |
_aНедвижимое имущество _jУчебно-методические пособия _xОценка _yРоссийская Федерация _92236369 _3RU\NLR\auth\661342109 |
|
| 606 | 1 |
_aОценочная деятельность _jУчебно-методические пособия _yРоссийская Федерация _92301361 _3RU\NLR\auth\661377811 |
|
| 686 | _aУ9(2)-571.1-07я7 | ||
| 686 | _aХ623.1я7 | ||
| 700 | 1 |
_aРонова _bГ. Н. _gГалина Николаевна _4070 |
|
| 701 | 1 |
_aОсоргин _bА. Н. _gАркадий Николаевич _4070 |
|
| 801 | 0 |
_aRU _bNLR _c20090312 _gRCR |
|
| 801 | 1 |
_aRU _bNLR _c20090312 |
|
| 830 | _aавт. по кн. | ||
| 942 | _cBOOK | ||
| 980 | _aNB | ||